000 00457nam a2200193Ia 4500
999 _c66285
_d66285
003 0100
005 20180214091814.0
008 130303s9999 xx 000 0 und d
040 _cARRUPELIB
050 _aDT658.26.A36 2002
245 4 _aThe African stakes of the Congo war /
260 _aPalgrave
_bMacmillan
_c2002
300 _axv
300 _b 249p. 24cm.
650 _aCongo (Democratic Republic)
_xHistory
_y1997-
_939057
650 _aPolitical violence
_zCongo (Democratic Republic)
_939165
650 _aCongo (Democratic Republic)
_939159
700 _aClark, John F. ed.
_939166
942 _2lcc
_01
_cMONOGRAPH